Sports Quiz

Random Sports Quiz

200+ H By A LHB Since 2000 Quiz Stats

Quiz not verified by Sporcle

Challenge
Share
Tweet
Embed
Score 0/25 Timer 06:00
0 Plays Today
Year & Team Player % Correct
2010 MarinersIchiro Suzuki
100%
2009 MarinersIchiro Suzuki
100%
2008 MarinersIchiro Suzuki
100%
2007 MarinersIchiro Suzuki
100%
2006 MarinersIchiro Suzuki
100%
2005 MarinersIchiro Suzuki
100%
2004 MarinersIchiro Suzuki
100%
2003 MarinersIchiro Suzuki
100%
2002 MarinersIchiro Suzuki
100%
2001 MarinersIchiro Suzuki
100%
2011 Red SoxJacoby Ellsbury
94.5%
2000 RockiesTodd Helton
91.8%
2006 PhilliesChase Utley
89%
Year & Team Player % Correct
2010 YankeesRobinson Cano
84.9%
2009 YankeesRobinson Cano
84.9%
2014 IndiansMichael Brantley
83.6%
2000 AngelsDarin Erstad
79.5%
2003 AngelsGarrett Anderson
74%
2006 CubsJuan Pierre
69.9%
2004 MarlinsJuan Pierre
69.9%
2003 MarlinsJuan Pierre
69.9%
2001 RockiesJuan Pierre
69.9%
2015 MarlinsDee Gordon
66.7%
2000 RoyalsJohnny Damon
63%
2011 Red SoxAdrian Gonzalez
52.1%

You're not logged in!

Compare scores with friends on all Sporcle quizzes.
Join for Free
OR
Log In

You Might Also Like...

Show Comments

Extras

Created May 26, 2015ReportNominate
Tags:200, 2000, handed, hit, hitter, player, season, team, total

Top Quizzes Today


Score Distribution

Your Account Isn't Verified!

In order to create a playlist on Sporcle, you need to verify the email address you used during registration. Go to your Sporcle Settings to finish the process.

Report this User

Report this user for behavior that violates our Community Guidelines.

Details: